000 00641nam a2200217Ii 4500
001 8425
003 CO-ViMGA
008 241108s9999||||xx |||||||||||||| ||und||
020 _a9589477046
040 _aCO-ViMGA
_bspa
_erda
_cCO-ViMGA
041 0 _aspa
082 0 4 _a634.44 O97c
100 1 _aEric J Owen Barlett
_946541
245 1 0 _aEl cultivo del marañon en los llanos orientales de Colombia
264 1 _aBogotá, Colombia : Presencia, 1996
300 _avolumen
336 _atext
_btxt
_2rdacontent
337 _aunmediated
_bn
_2rdamedia
338 _avolume
_bnc
_2rdacarrier
940 _aidficha_siabuc: 8232. -- ficha_no_siabuc:8425
999 _c41108
_d41108